00398nam a2200133Ia 450000500170000000800410001702000080005808200130006610000240007924500280010326000350013130000130016650000850017920241107015032.0240331s9999 xx 000 0 und d a  bHETa823 aHettiarachchi, A. M 2aA Sinhalese and A Tamil aColombobSt Joseph pressc1958 a117 p ., aThe incidents reported in this book are true but the characters are fictitious.